| 000 -LEADER |
| fixed length control field |
00836cam a2200241 a 4500 |
| 001 - CONTROL NUMBER |
| control field |
11922491 |
| 005 - DATE AND TIME OF LATEST TRANSACTION |
| control field |
20180312094458.0 |
| 008 - FIXED-LENGTH DATA ELEMENTS--GENERAL INFORMATION |
| fixed length control field |
000225s2001 nyua 001 0 eng |
| 010 ## - LIBRARY OF CONGRESS CONTROL NUMBER |
| LC control number |
00027365 |
| 020 ## - INTERNATIONAL STANDARD BOOK NUMBER |
| International Standard Book Number |
0471332364 (set : acidfree paper) |
| 020 ## - INTERNATIONAL STANDARD BOOK NUMBER |
| International Standard Book Number |
0471332356 (v. 1 : acidfree paper) |
| 020 ## - INTERNATIONAL STANDARD BOOK NUMBER |
| International Standard Book Number |
0471360376 (v. 2 : acidfree paper) |
| 040 ## - CATALOGING SOURCE |
| Original cataloging agency |
DLC |
| Transcribing agency |
DLC |
| Modifying agency |
DLC |
| 041 ## - LANGUAGE CODE |
| Language code of text/sound track or separate title |
eng |
| 080 ## - UNIVERSAL DECIMAL CLASSIFICATION NUMBER |
| Universal Decimal Classification number |
530 DAV |
| 082 00 - DEWEY DECIMAL CLASSIFICATION NUMBER |
| Classification number |
530 DAV |
| Edition number |
21 |
| 100 1# - Rafti |
| Rafti |
43 |
| 101 ## - Shkurtesa |
| Shkurtesa |
FIZ |
| 245 10 - TITLE STATEMENT |
| Title |
Fundamentals of physics. |
| 906 ## - LOCAL DATA ELEMENT F, LDF (RLIN) |
| a |
7 |
| b |
cbc |
| c |
orignew |
| d |
1 |
| e |
ocip |
| f |
20 |
| g |
y-gencatlg |
| 942 ## - ADDED ENTRY ELEMENTS (KOHA) |
| Source of classification or shelving scheme |
|
| Item type |
Books |